Le Cadeau de Jeppy - Statistiques

Statistiques générales
  • Ce quiz a été pris 1 117 fois
  • Le résultat moyen est 6 sur 15
Statistiques - réponses
Hint Explanation Réponse % Correct

A rendu célèbre Tony Hawk

68%

S'écrit comme le prénom le plus porté en France

"Jean" peut désigner un prénom ou ce type de pantalon
61%

Nommé d'après le Président américain Théodore Roosevelt

Le "Teddy bear", en anglais, doit son nom à Théodore Roosevelt
50%

Sport de prédilection des frères Schleck

Andy et Fränk Schleck sont des coureurs cyclistes luxembourgeois
49%

"Petit" en grec

"Micro"
43%

Aurait été volé(e) par Michal dans une chanson reprise par la Star Academy en 2003

D'après une chanson de Gilbert Bécaud
42%

Guerre qui s'est déroulée en Angleterre de 1455 à 1485

La Guerre des Deux-Roses
41%

Invention hongroise de 1974

Inventé par Ernő Rubik
40%

"Balboa" est le nom d'une monnaie de ce pays

Le Panama
38%

Se prononce comme le nom d'un Pokémon

Le Pokémon "Osselait" se prononce comme le jeu des "Osselets"
35%

Telstar en 2018, Al Rihla en 2022

Nom des ballons officiels des Coupes du Monde de football 2018 et 2022
34%

Ce qu'est le Douro

Vin portugais
33%

Roman de Joseph Joffo paru en 1973

"Un sac de billes"
31%

Le Cadeau de Jeppy est :

15%

Rosebud dans Citizen Kane

14%
Aucun quiz correspondant
Distribution des résultats
% des personnes avec chaque résultat
Percentile par nombre de réponses
Votre historique - résultats
Vous n’avez pas pris ce quiz